| 000 | 01695nam a2200529 i 4500 | ||
|---|---|---|---|
| 001 | 45733 | ||
| 003 | KOSZ 005 | ||
| 005 | 20220121102601.0 | ||
| 008 | 050104s2004 pl |000 0 pol | ||
| 015 | _aUWD 2005/502 | ||
| 020 | _a8391976114 | ||
| 035 | _a991025722869705066 | ||
| 035 | _a(PL-WaBN)b17005437-48omnis_nlop | ||
| 035 | _ab17005437 | ||
| 035 | _a(OCoLC)749669276 | ||
| 035 | _azz2004917816 | ||
| 035 | _a(PL)b0000001700543 | ||
| 035 | _a(EXLNZ-48OMNIS_NETWORK)9910238279005606 | ||
| 040 |
_aWA N _cWA N _dWA N _dKOSZ 005/HR |
||
| 041 | 0 | _apol | |
| 046 | _k2004 | ||
| 080 | _a347.45/.46(438) | ||
| 080 | _a339.186/.187 | ||
| 080 | _a336.221.24 | ||
| 080 | _a657 | ||
| 100 | 1 |
_aTurzyński, Mikołaj _eAutor |
|
| 245 | 1 | 0 |
_aRachunkowość leasingu na tle regulacji prawa cywilnego i podatkowego / _cMikołaj Turzyński. |
| 260 |
_aOstrołęka : _b"Alpha Pro", _c2004. |
||
| 300 |
_a336 s. ; _c21 cm. |
||
| 336 |
_aTekst _btxt _2rdacontent |
||
| 337 |
_aBez urządzenia pośredniczącego _bn _2rdamedia |
||
| 338 |
_aWolumin _bnc _2rdacarrier |
||
| 380 | _aKsiążki | ||
| 388 | _a2001- | ||
| 504 | _aBibliogr. s. 170-179, wykaz aktów prawnych s. 179-180. | ||
| 650 | 7 |
_aLeasing _2DBN |
|
| 650 | 7 |
_aPrawo bilansowe _2DBN |
|
| 650 | 7 |
_aPrawo cywilne _2DBN |
|
| 650 | 7 |
_aPrawo podatkowe _2DBN |
|
| 650 | 7 |
_aRachunkowość _2DBN |
|
| 651 | 7 |
_aPolska _2DBN |
|
| 658 | _aPrawo i wymiar sprawiedliwości | ||
| 658 | _aGospodarka, ekonomia, finanse | ||
| 856 |
_uhttp://koha.tu.koszalin.pl/cgi-bin/koha/opac-detail.pl?biblionumber=45733 _yKatalog online BPK |
||
| 942 |
_2UKD _cKS |
||
| 999 |
_c45733 _d45733 |
||